01887nim a2200397 i 4500001000700000003000900007005001700016007001500033008004100048040001800089245020200107260004000309300004500349336002200394337003000416338002400446490004400470511030600514518007900820520006300899540002400962610006900986650002601055650005501081653002601136700003001162700003001192700003601222700003201258700002501290710002601315710004601341830004401387852002901431852002901460197280ES-MaACL20250828062615.0ss lsnjlcipnne250424s1991 sp nnnn |||| 00| spa d bspacES-MaACL00aAlternativas ecológicas a Madridh[Grabación sonora] :bconferencia /cintervienen Javier Sáenz Baku, Juan Gallego Luque, Jesús González Bravo y Jorge Martin Neira ; modera David M. Rivas aMadrid : bAteneo de Madrid, c1991 a2 casetes (ca. 180 min) :bson. ;c11 cm 2rdacontentatexto 2rdamediaasin mediación 2rdacarrieravolumen1 3Actos culturales en el Ateneo de Madrid aIntervienen: Javier Sáenz Baku (miembro de la Federación de Madrid de los Verdes); Juan Gallego Luque (miembro de la Coordinadora de Defensa Ambiental); Jesús González Bravo (miembro de la Fundación Gondwana) y Jorge Martín Neira (miembro de los Verdes y de AEDENAT); modera David M. Rivas aGrabado el 19 de marzo de 1991 en el Salón de Actos del Ateneo de Madrid aConferencia sobre las alternativas ecológicas en Madrid  aDocumento inédito20aAteneo de Madrid-xActos culturales-y1991-vGrabaciones sonoras 4aEcología-zEspaña 7aEcología vegetal-zMadrid (Comunidad Autónoma) aArchivo de la palabra1 aSáenz Baku, Javiereora1 aGallego Luque, Juan eora1 aGonzález Bravo, Jesús eora aMartín Neira, Jorge eora1 aRivas, David M.emod2 aAteneo de Madridehis aFederación de Madrid de los Verdeseclb 0aActos culturales en el Ateneo de Madrid aES-MaACLcDEPOZpCinta 1 aES-MaACLcDEPOZpCinta 2